| 000 | 00529nam a22001937a 4500 | ||
|---|---|---|---|
| 005 | 20231101103855.0 | ||
| 008 | 230530b |||||||| |||| 00| 0 eng d | ||
| 020 | _a155542709x | ||
| 040 | _aMCHVL | ||
| 041 | _aEnglish | ||
| 082 |
_a658 _bHER |
||
| 100 | _aHerman, Stanley M. | ||
| 245 | 4 |
_aThe tao at work : _bon leading and following / _cStanley M. Herman |
|
| 260 |
_aSan Francisco : _bJossey-Bass, _cc1994. |
||
| 300 |
_a136p. : _bill. ; _c21cm. |
||
| 650 | _aTaoism | ||
| 650 | _aManagement--Philosophy | ||
| 942 | _cBK | ||
| 999 |
_c3530 _d3530 |
||